[Event "POL-chT3 Kujawsko Pomorskie 0809"]
[Site "Poland"]
[Date "2009.03.01"]
[Round "9.4"]
[White "Jakubik, Slawomir"]
[Black "Krainski, Jaroslaw"]
[Result "0-1"]
[WhiteElo "2006"]
[BlackElo "2072"]
[PlyCount "100"]
[EventDate "2008.11.09"]
[EventType "team-tourn"]
[EventRounds "11"]
[EventCountry "POL"]
[SourceTitle "EXT 2019"]
[Source "ChessBase"]
[SourceDate "2018.10.10"]
[SourceVersion "1"]
[SourceVersionDate "2018.10.10"]
[SourceQuality "1"]

1. d4 Nf6 2. Nf3 d5 3. Bf4 e6 4. e3 c5 5. Bb5+ Bd7 6. Bxd7+ Qxd7 7. 0-0 Nc6 8. c3 Bd6 9. Bxd6 Qxd6 10. dxc5 Qxc5 11. Nbd2 0-0 12. Re1 Rfd8 13. Qe2 Ne4 14. Red1 Rac8 15. Nb3 Qb6 16. Rab1 a6 17. Qd3 h6 18. h3 Nc5 19. Nxc5 Qxc5 20. Nd2 b5 21. Nb3 Qc4 22. Qxc4 bxc4 23. Nc5 a5 24. Kf1 Rc7 25. Na4 Rb8 26. Ke2 Ne5 27. Kd2 Nd3 28. f3 Rcb7 29. Kc2 Ne5 30. Re1 f5 31. Red1 Kf7 32. e4 dxe4 33. fxe4 f4 34. Rd4 Ke7 35. Rbd1 Rc7 36. b3 g5 37. Rb1 cxb3+ 38. axb3 h5 39. c4 g4 40. hxg4 hxg4 41. Rf1 f3 42. gxf3 gxf3 43. Nc3 Rg8 44. Nd1 Rg2+ 45. Rd2 a4 46. Rxg2 fxg2 47. Rg1 Nf3 48. Rxg2 Ne1+ 49. Kc3 Nxg2 50. bxa4 Kd6 0-1

[Event "POL-chT3 Kujawsko Pomorskie 0809"]
[Site "Poland"]
[Date "2008.11.23"]
[Round "2.4"]
[White "Nowacki, Krzysztof"]
[Black "Jakubik, Slawomir"]
[Result "1/2-1/2"]
[WhiteElo "1672"]
[BlackElo "2006"]
[PlyCount "70"]
[EventDate "2008.11.09"]
[EventType "team-tourn"]
[EventRounds "11"]
[EventCountry "POL"]
[SourceTitle "EXT 2019"]
[Source "ChessBase"]
[SourceDate "2018.10.10"]
[SourceVersion "1"]
[SourceVersionDate "2018.10.10"]
[SourceQuality "1"]

1. e4 e6 2. d4 d5 3. Nd2 dxe4 4. Nxe4 Nd7 5. Nf3 Be7 6. Bd3 Ngf6 7. 0-0 0-0 8. Bf4 h6 9. c3 b6 10. Ne5 Bb7 11. Nxd7 Qxd7 12. Nxf6+ Bxf6 13. Qg4 g5 14. h4 Qe7 15. hxg5 Bxg5 16. Be5 f6 17. Bxf6 Rxf6 18. f4 Raf8 19. fxg5 Rxf1+ 20. Rxf1 Rxf1+ 21. Bxf1 hxg5 22. Bd3 Kf8 23. Be4 Bxe4 24. Qxe4 Kg7 25. Qe5+ Kg6 26. Kf2 Qd6 27. g4 Qxe5 28. dxe5 Kf7 29. Ke3 Ke7 30. Kd4 Kd7 31. b4 Kc6 32. c4 b5 33. c5 Kb7 34. Ke4 a5 35. a3 Kc6 1/2-1/2

[Event "POL-chT3 Kujawsko Pomorskie 0708"]
[Site "Poland"]
[Date "2008.01.27"]
[Round "6.11"]
[White "Jablonski, Miroslaw"]
[Black "Jakubik, Slawomir"]
[Result "1-0"]
[WhiteElo "2095"]
[BlackElo "2041"]
[PlyCount "43"]
[EventDate "2007.11.04"]
[EventType "team-tourn"]
[EventRounds "11"]
[EventCountry "POL"]
[SourceTitle "EXT 2019"]
[Source "ChessBase"]
[SourceDate "2018.10.10"]
[SourceVersion "1"]
[SourceVersionDate "2018.10.10"]
[SourceQuality "1"]

1. d4 d5 2. Nf3 Nf6 3. e3 e6 4. Bd3 c5 5. c3 Nc6 6. Nbd2 cxd4 7. exd4 Bd6 8. 0-0 0-0 9. Re1 Qc7 10. Qe2 Bf4 11. Ne5 Nd7 12. Ndf3 Bxc1 13. Raxc1 Ncxe5 14. dxe5 f5 15. exf6 Rxf6 16. c4 Qd6 17. cxd5 exd5 18. Ng5 h6 19. Nh7 Rf7 20. Qe8+ Nf8 21. Rxc8 Qf4 22. Re2 1-0

[Event "POL-chT3 0607"]
[Site "Poland"]
[Date "2007.01.14"]
[Round "5.34"]
[White "Jakubik, Slawomir"]
[Black "Sworowski, Piotr"]
[Result "1/2-1/2"]
[WhiteElo "2055"]
[BlackElo "2013"]
[PlyCount "48"]
[EventDate "2006.11.12"]
[EventType "team-tourn"]
[EventRounds "11"]
[EventCountry "POL"]
[SourceTitle "EXT 2009"]
[Source "ChessBase"]
[SourceDate "2008.11.26"]
[SourceVersion "1"]
[SourceVersionDate "2008.11.26"]
[SourceQuality "1"]

1. e4 e5 2. Nf3 Nc6 3. Bb5 a6 4. Bxc6 dxc6 5. d4 exd4 6. Qxd4 Qxd4 7. Nxd4 Bd6 8. Be3 c5 9. Ne2 Bd7 10. Nd2 0-0-0 11. 0-0-0 Ne7 12. Bf4 Ng6 13. Bxd6 cxd6 14. Nc4 Bb5 15. Nb6+ Kb8 16. Nc3 Bc6 17. Rd2 Rhe8 18. f3 Ne5 19. Rhd1 f6 20. a4 Kc7 21. Ncd5+ Bxd5 22. Nxd5+ Kc6 23. Ne3 g6 24. b3 b5 1/2-1/2